[Event "Almaty zt 3.4"]
[Site "Almaty"]
[Date "2025.04.06"]
[Round "6"]
[White "Nazarbek, Alikhan"]
[Black "Mazhkenov, Alisher"]
[Result "0-1"]
[WhiteElo "1808"]
[BlackElo "2119"]
[PlyCount "64"]
[EventDate "2025.04.02"]
[EventType "swiss"]
[EventRounds "9"]
[EventCountry "KAZ"]
[SourceTitle "CB15_2025"]
[SourceDate "2025.04.09"]
[SourceVersion "1"]
[SourceVersionDate "2025.04.09"]
[SourceQuality "1"]

1. e4 e6 2. d3 d5 3. Nd2 Nc6 4. Ngf3 Nf6 5. g3 dxe4 6. dxe4 Bc5 7. Bg2 e5 8. c3 a5 9. 0-0 0-0 10. Qc2 h6 11. Nc4 Qe7 12. h3 Rd8 13. Be3 Be6 14. Bxc5 Qxc5 15. Ne3 a4 16. Rfe1 b5 17. Kh2 Na5 18. g4 Nc4 19. Nxc4 Bxc4 20. Re3 Qe7 21. Nd2 Be6 22. Rg3 h5 23. Bf3 h4 24. Rg2 Nh7 25. Qc1 Qf6 26. Be2 Qf4+ 27. Kg1 Rxd2 28. Kf1 Ng5 29. Ke1 Rad8 30. f3 Bc4 31. Bxc4 Nxf3+ 32. Kf1 bxc4 0-1

[Event "FIDE World Bl Team Pool D"]
[Site "Almaty"]
[Date "2024.08.05"]
[Round "2.10"]
[White "Mazhkenov, Alisher"]
[Black "Savitskiy, Vladimir"]
[Result "0-1"]
[WhiteElo "2118"]
[BlackElo "1893"]
[PlyCount "66"]
[EventDate "2024.08.05"]
[EventType "team (blitz)"]
[EventRounds "7"]
[EventCountry "KAZ"]
[SourceTitle "CBM 221 Extra"]
[Source "ChessBase"]
[SourceDate "2024.09.30"]
[SourceVersion "1"]
[SourceVersionDate "2024.09.30"]
[SourceQuality "1"]
[WhiteTeam "Astana II"]
[BlackTeam "KRG Team"]
[WhiteTeamCountry "KAZ"]
[BlackTeamCountry "KAZ"]

1. e4 c5 2. Nf3 a6 3. g3 d6 4. Bg2 g6 5. 0-0 Bg7 6. d4 cxd4 7. Nxd4 Nf6 8. Nc3 0-0 9. h3 Nbd7 10. Be3 Ne5 11. b3 Bd7 12. Qd2 Rc8 13. f4 Nc6 14. Rac1 Qc7 15. Rfd1 Nxd4 16. Bxd4 e5 17. Be3 Qxc3 18. Qf2 Qc6 19. fxe5 dxe5 20. Bg5 h6 21. Bxf6 Bxf6 22. Rxd7 Qxd7 23. Qxf6 Qd2 24. Qf1 Rxc2 25. Rd1 Qe3+ 26. Kh2 Qxe4 27. Rd7 Qe2 28. Qg1 b5 29. Kh1 Rxa2 30. Bd5 Rd2 31. Rd6 Rd1 32. Bxf7+ Rxf7 33. Qxd1 Rf1+ 0-1

[Event "FIDE World Bl Team Pool D"]
[Site "Almaty"]
[Date "2024.08.05"]
[Round "3.16"]
[White "Yunusov, Nuriddin"]
[Black "Mazhkenov, Alisher"]
[Result "1-0"]
[WhiteElo "1925"]
[BlackElo "2118"]
[PlyCount "83"]
[EventDate "2024.08.05"]
[EventType "team (blitz)"]
[EventRounds "7"]
[EventCountry "KAZ"]
[SourceTitle "CBM 221 Extra"]
[Source "ChessBase"]
[SourceDate "2024.09.30"]
[SourceVersion "1"]
[SourceVersionDate "2024.09.30"]
[SourceQuality "1"]
[WhiteTeam "Noval Group Kyrgyzstan"]
[BlackTeam "Astana II"]
[WhiteTeamCountry "KGZ"]
[BlackTeamCountry "KAZ"]

1. e4 e6 2. d4 d5 3. Nc3 Nf6 4. Bg5 dxe4 5. Nxe4 Be7 6. Bxf6 gxf6 7. Nf3 f5 8. Nc3 a6 9. g3 b5 10. Bg2 Bb7 11. Qd2 0-0 12. h4 c5 13. 0-0-0 cxd4 14. Qxd4 Qxd4 15. Rxd4 Bf6 16. Rd3 b4 17. Na4 Be4 18. Rd2 Nc6 19. Nb6 Ne5 20. Nxe5 Bxg2 21. Rg1 Be4 22. Ned7 Bg7 23. Nxa8 Rxa8 24. Nc5 Bd5 25. b3 Bh6 26. f4 Rc8 27. Nd7 Bg7 28. Ne5 Rc5 29. Rgd1 Ra5 30. Kb1 h5 31. Rd4 Rb5 32. R4d2 a5 33. Nd3 Bc3 34. Re2 Bf3 35. Ree1 Bxe1 36. Rxe1 Be4 37. Nf2 Bd5 38. Rd1 a4 39. Rd4 axb3 40. axb3 Rc5 41. Nd3 Be4 42. Nxc5 1-0

[Event "FIDE World Rapid Team"]
[Site "Almaty"]
[Date "2024.08.04"]
[Round "9.4"]
[White "Mazhkenov, Alisher"]
[Black "Yunusov, Nuriddin"]
[Result "0-1"]
[WhiteElo "2118"]
[BlackElo "1925"]
[PlyCount "90"]
[EventDate "2024.08.02"]
[EventType "team (rapid)"]
[EventRounds "12"]
[EventCountry "KAZ"]
[SourceTitle "CBM 221 Extra"]
[Source "ChessBase"]
[SourceDate "2024.09.30"]
[SourceVersion "1"]
[SourceVersionDate "2024.09.30"]
[SourceQuality "1"]
[WhiteTeam "Astana II"]
[BlackTeam "Noval Group Kyrgyzstan"]
[WhiteTeamCountry "KAZ"]
[BlackTeamCountry "KGZ"]

1. e4 e5 2. Nf3 Nc6 3. g3 Nge7 4. Bg2 g6 5. d4 exd4 6. Nxd4 Bg7 7. Nxc6 bxc6 8. 0-0 0-0 9. Nc3 Rb8 10. Qd2 d6 11. b3 c5 12. Bb2 Re8 13. Na4 Nc6 14. Bxg7 Kxg7 15. f4 Bb7 16. Rad1 Qf6 17. e5 dxe5 18. Nxc5 Rbd8 19. Qf2 Ba8 20. Nd7 Qe6 21. Nc5 Qf6 22. Ne4 Qe7 23. f5 gxf5 24. Qxf5 Rxd1 25. Qg4+ Kh8 26. Qxd1 f5 27. Rxf5 Nd4 28. Rf2 Bxe4 29. Bxe4 Qg5 30. c3 Ne6 31. Qd7 Re7 32. Qc8+ Kg7 33. Bd5 Qh6 34. Bxe6 Qxe6 35. Qxe6 Rxe6 36. Rf5 Kg6 37. g4 Rd6 38. Rxe5 Rd1+ 39. Kf2 Rd2+ 40. Re2 Rd3 41. Re3 Rd2+ 42. Re2 Rd3 43. c4 Kg5 44. Re7 Kf4 45. Rf7+ Ke5 0-1

[Event "FIDE World Rapid Team"]
[Site "Almaty"]
[Date "2024.08.04"]
[Round "12.22"]
[White "Vakhidov, Jahongir"]
[Black "Mazhkenov, Alisher"]
[Result "0-1"]
[WhiteElo "2571"]
[BlackElo "2118"]
[PlyCount "112"]
[EventDate "2024.08.02"]
[EventType "team (rapid)"]
[EventRounds "12"]
[EventCountry "KAZ"]
[SourceTitle "CBM 221 Extra"]
[Source "ChessBase"]
[SourceDate "2024.09.30"]
[SourceVersion "1"]
[SourceVersionDate "2024.09.30"]
[SourceQuality "1"]
[WhiteTeam "Royal Chess"]
[BlackTeam "Astana II"]
[WhiteTeamCountry "UZB"]
[BlackTeamCountry "KAZ"]

1. c4 e5 2. g3 c6 3. Nf3 d6 4. Nc3 f5 5. d3 Nf6 6. Bg2 Be7 7. 0-0 0-0 8. b4 h6 9. Bb2 Be6 10. Nh4 Qe8 11. e3 g5 12. Nf3 Nbd7 13. Nd2 Rc8 14. a3 Qf7 15. Ne2 d5 16. c5 Bd8 17. h3 Bc7 18. f4 Qe7 19. Nf3 gxf4 20. exf4 e4 21. Nh4 Qh7 22. Nd4 Rce8 23. Qb3 exd3 24. Qxd3 Ne4 25. Rae1 Bd8 26. Kh2 Ndf6 27. Bf3 Bc8 28. Rg1 h5 29. Kg2 Kf7 30. Kf1 Rg8 31. Bd1 Bc7 32. Ne2 Rg7 33. Nf3 Reg8 34. Ne5+ Kf8 35. h4 Ng4 36. Nf3 Re7 37. Ng5 Qg6 38. Nd4 Bd7 39. Kg2 Ke8 40. Ndf3 Ngf2 41. Qd4 Ng4 42. b5 Kd8 43. bxc6 bxc6 44. Be2 Ba5 45. Rb1 Nxg5 46. Bd3 Nxf3 47. Kxf3 Bd2 48. Kg2 Be3 49. Qa4 Bxg1 50. Qxa7 Ne3+ 51. Kh1 Qxg3 52. Qb8+ Bc8 53. Qd6+ Ke8 54. Qxc6+ Bd7 55. Qa8+ Kf7 56. Qxg8+ Qxg8 0-1

[Event "FIDE World Rapid Team"]
[Site "Almaty"]
[Date "2024.08.03"]
[Round "8.34"]
[White "Mazhkenov, Alisher"]
[Black "Sapenov, Daniyal"]
[Result "1/2-1/2"]
[WhiteElo "2118"]
[BlackElo "2311"]
[PlyCount "34"]
[EventDate "2024.08.02"]
[EventType "team (rapid)"]
[EventRounds "12"]
[EventCountry "KAZ"]
[SourceTitle "CBM 221 Extra"]
[Source "ChessBase"]
[SourceDate "2024.09.30"]
[SourceVersion "1"]
[SourceVersionDate "2024.09.30"]
[SourceQuality "1"]
[WhiteTeam "Astana II"]
[BlackTeam "Kazakhstan Teniz"]
[WhiteTeamCountry "KAZ"]
[BlackTeamCountry "KAZ"]

1. e4 e5 2. Nf3 Nc6 3. Nc3 Nf6 4. d4 exd4 5. Nxd4 Bb4 6. Nxc6 bxc6 7. Bd3 0-0 8. 0-0 d5 9. exd5 cxd5 10. h3 Rb8 11. Be3 c5 12. a3 Bxc3 13. bxc3 Qa5 14. c4 d4 15. Bd2 Qd8 16. c3 Be6 17. cxd4 Qxd4 1/2-1/2

[Event "FIDE World Rapid Team"]
[Site "Almaty"]
[Date "2024.08.02"]
[Round "2.4"]
[White "Magzumov, Damirali"]
[Black "Mazhkenov, Alisher"]
[Result "0-1"]
[WhiteElo "1756"]
[BlackElo "2118"]
[PlyCount "80"]
[EventDate "2024.08.02"]
[EventType "team (rapid)"]
[EventRounds "12"]
[EventCountry "KAZ"]
[SourceTitle "CBM 221 Extra"]
[Source "ChessBase"]
[SourceDate "2024.09.30"]
[SourceVersion "1"]
[SourceVersionDate "2024.09.30"]
[SourceQuality "1"]
[WhiteTeam "KRG Team"]
[BlackTeam "Astana II"]
[WhiteTeamCountry "KAZ"]
[BlackTeamCountry "KAZ"]

1. e4 e6 2. d4 d5 3. Nc3 Nf6 4. e5 Nfd7 5. f4 c5 6. Nf3 Nc6 7. Be3 a6 8. Qd2 b5 9. dxc5 Bxc5 10. 0-0-0 Qa5 11. Kb1 b4 12. Ne2 Qb6 13. Bxc5 Nxc5 14. Ned4 Ne4 15. Qe1 Nxd4 16. Nxd4 Bd7 17. g4 Rc8 18. Bg2 Rc4 19. Nb3 Nf2 20. Rf1 Nxd1 21. Qxd1 0-0 22. f5 Qe3 23. Re1 Qf4 24. f6 gxf6 25. exf6 Qxf6 26. g5 Qg7 27. Bf1 Rc7 28. Bd3 e5 29. Bxa6 Bf5 30. Bd3 Qg6 31. Rxe5 Bxd3 32. Qxd3 Qxd3 33. cxd3 f5 34. gxf6 Rxf6 35. Re1 Rf2 36. Nd4 Rxh2 37. Rg1+ Rg7 38. Rc1 Rgg2 39. Nc2 h5 40. a4 b3 0-1

[Event "Astana Zhuldyzdary op-A"]
[Site "Astana"]
[Date "2023.07.17"]
[Round "9"]
[White "Mazhkenov, Alisher"]
[Black "Kuderinov, Kirill"]
[Result "0-1"]
[WhiteElo "2119"]
[BlackElo "2386"]
[PlyCount "64"]
[EventDate "2023.07.11"]
[EventType "swiss"]
[EventRounds "10"]
[EventCountry "KAZ"]
[SourceTitle "CBM 215 Extra"]
[Source "ChessBase"]
[SourceDate "2023.09.30"]
[SourceVersion "1"]
[SourceVersionDate "2023.09.30"]
[SourceQuality "1"]

1. e4 Na6 2. d4 c5 3. Nc3 cxd4 4. Qxd4 e6 5. Bf4 Ne7 6. 0-0-0 Nc6 7. Qd2 Be7 8. Bd6 0-0 9. f4 Nc7 10. Nf3 a6 11. Bxe7 Qxe7 12. Qd6 Qd8 13. Nd4 Nxd4 14. Qxd4 b5 15. Be2 Rb8 16. Bf3 Na8 17. Kb1 Nb6 18. Rd3 Bb7 19. a3 Bc6 20. Rhd1 b4 21. Ne2 Bb5 22. R3d2 Nc4 23. Rd3 Qc7 24. e5 Rfc8 25. Rc1 Nxa3+ 26. bxa3 Bxd3 27. Qxd3 bxa3+ 28. Ka1 Qb6 29. Qb3 Qc5 30. Qd3 Rb2 31. Qxd7 Rcb8 32. Rd1 Ra2+ 0-1

[Event "Astana Zhuldyzdary op-A"]
[Site "Astana"]
[Date "2023.07.15"]
[Round "7"]
[White "Mazhkenov, Alisher"]
[Black "Nurgaliyeva, Zarina"]
[Result "0-1"]
[WhiteElo "2119"]
[BlackElo "1921"]
[PlyCount "108"]
[EventDate "2023.07.11"]
[EventType "swiss"]
[EventRounds "10"]
[EventCountry "KAZ"]
[SourceTitle "CBM 215 Extra"]
[Source "ChessBase"]
[SourceDate "2023.09.30"]
[SourceVersion "1"]
[SourceVersionDate "2023.09.30"]
[SourceQuality "1"]

1. e4 e5 2. Nf3 Nc6 3. Bb5 a6 4. Ba4 Nf6 5. 0-0 Be7 6. Re1 b5 7. Bb3 0-0 8. c3 d6 9. h3 Bb7 10. d3 Na5 11. Bc2 c5 12. Nbd2 Re8 13. Nf1 Bf8 14. Ng3 d5 15. exd5 Qxd5 16. Bg5 Qc6 17. Qe2 Nd5 18. Qf1 Qc7 19. Bd2 Rad8 20. Rad1 h6 21. Bc1 b4 22. Bd2 Nb6 23. Re3 Bd5 24. Rde1 Nc6 25. Ra1 g6 26. Nh2 f5 27. Ree1 Qf7 28. h4 e4 29. Bf4 Bxa2 30. b3 bxc3 31. dxe4 Nb4 32. Rxa2 fxe4 33. Bxe4 Nxa2 34. Be3 Bd6 35. Ng4 Bf4 36. Qxa6 h5 37. Qxb6 hxg4 38. Bxf4 c2 39. Ra1 Rd1+ 40. Kh2 Rxe4 41. Rxa2 Rxf4 42. Rxc2 Qf6 43. Qxf6 Rxf6 44. Rxc5 Rxf2 45. Ne4 Re2 46. Nf6+ Kg7 47. Nxg4 Rdd2 48. Rc7+ Kf8 49. Rc8+ Kf7 50. Rc7+ Ke8 51. Kg3 Rxg2+ 52. Kf3 Rg1 53. Rc3 Rd4 54. Rc4 Rgxg4 0-1

[Event "Astana Zhuldyzdary op-A"]
[Site "Astana"]
[Date "2023.07.12"]
[Round "2"]
[White "Karibaev, Dimash"]
[Black "Mazhkenov, Alisher"]
[Result "1/2-1/2"]
[WhiteElo "1876"]
[BlackElo "2119"]
[PlyCount "76"]
[EventDate "2023.07.11"]
[EventType "swiss"]
[EventRounds "10"]
[EventCountry "KAZ"]
[SourceTitle "CBM 215 Extra"]
[Source "ChessBase"]
[SourceDate "2023.09.30"]
[SourceVersion "1"]
[SourceVersionDate "2023.09.30"]
[SourceQuality "1"]

1. e4 c5 2. Nf3 d6 3. d4 cxd4 4. Nxd4 Nf6 5. Nc3 a6 6. Rg1 e5 7. Nb3 Be6 8. Bg5 Nbd7 9. Qd2 h6 10. Be3 Ng4 11. 0-0-0 Nxe3 12. Qxe3 Qg5 13. Qxg5 hxg5 14. h3 Nf6 15. g4 Rc8 16. Rg3 Be7 17. Bg2 0-0 18. Nd2 Bd8 19. Nf1 Bb6 20. Ne3 Bxe3+ 21. Rxe3 Rc6 22. a4 Rfc8 23. Rd2 Kf8 24. Red3 Ke7 25. Nd1 Nd7 26. Kb1 b5 27. axb5 axb5 28. Ra3 b4 29. Ra7 R6c7 30. Rxc7 Rxc7 31. b3 Nc5 32. Ne3 g6 33. Kb2 Rc8 34. f3 Ra8 35. Bf1 Ra3 36. Bc4 Ra8 37. Bf1 Ra3 38. Bc4 Ra8 1/2-1/2

[Event "Asian Continental op 20th"]
[Site "Almaty"]
[Date "2023.06.11"]
[Round "9"]
[White "Kenbeilov, Timur"]
[Black "Mazhkenov, Alisher"]
[Result "1/2-1/2"]
[WhiteElo "1879"]
[BlackElo "2167"]
[PlyCount "63"]
[EventDate "2023.06.04"]
[EventType "swiss"]
[EventRounds "9"]
[EventCountry "KAZ"]
[SourceTitle "CBM 214 Extra"]
[Source "ChessBase"]
[SourceDate "2023.07.31"]
[SourceVersion "1"]
[SourceVersionDate "2023.07.31"]
[SourceQuality "1"]

1. d4 d6 2. Nf3 Bg4 3. e4 Nd7 4. Bc4 e5 5. c3 Qe7 6. Bg5 Ngf6 7. Nbd2 h6 8. Bxf6 Nxf6 9. dxe5 dxe5 10. Qb3 Bc8 11. Qb5+ Nd7 12. a4 c6 13. Qb3 g6 14. Nf1 Bg7 15. Ne3 0-0 16. Qc2 a5 17. g4 Nc5 18. Nd2 Bf6 19. Nb3 Bg5 20. h3 Bxe3 21. fxe3 Qh4+ 22. Ke2 Bxg4+ 23. hxg4 Qxg4+ 24. Ke1 Qf3 25. Nxc5 Qxh1+ 26. Bf1 Qh4+ 27. Qf2 Qe7 28. Nd3 Rae8 29. Bh3 Rd8 30. Ke2 Rd6 31. Rd1 Rfd8 32. Qg3 1/2-1/2

[Event "Cheliabinsk Lozovatsky Memorial-A"]
[Site "Cheliabinsk"]
[Date "2023.02.04"]
[Round "9"]
[White "Zhakshylykov, Erzhan"]
[Black "Mazhkenov, Alisher"]
[Result "1-0"]
[WhiteElo "2279"]
[BlackElo "2120"]
[PlyCount "81"]
[EventDate "2023.01.27"]
[EventType "swiss"]
[EventRounds "10"]
[EventCountry "RUS"]
[SourceTitle "CBM 212 Extra"]
[Source "ChessBase"]
[SourceDate "2023.03.31"]
[SourceVersion "1"]
[SourceVersionDate "2023.03.31"]
[SourceQuality "1"]

1. d4 d6 2. e4 Nf6 3. Nc3 e5 4. Nf3 Nbd7 5. Bc4 Be7 6. 0-0 0-0 7. a4 a6 8. Ba2 b6 9. Bg5 c6 10. Qd3 Bb7 11. Rad1 Qc7 12. Nh4 g6 13. dxe5 dxe5 14. Bh6 Nc5 15. Qe2 Rfe8 16. f4 b5 17. f5 g5 18. Nf3 Ng4 19. Bxg5 Kh8 20. Bxf7 Rf8 21. Bh5 Nf6 22. Bxf6+ Rxf6 23. axb5 axb5 24. Rfe1 b4 25. Nb1 Ba6 26. Qe3 b3 27. cxb3 Rb8 28. Nc3 Nxb3 29. Kh1 Rg8 30. Na4 Qb8 31. Rd7 Bf8 32. Ng5 Rg7 33. Rxg7 Bxg7 34. Qb6 Qxb6 35. Nxb6 Bh6 36. Nf7+ Kg7 37. Nxe5 Rd6 38. Nf3 Rd3 39. e5 c5 40. f6+ Kf8 41. e6 1-0

[Event "Cheliabinsk Lozovatsky Memorial-A"]
[Site "Cheliabinsk"]
[Date "2023.02.03"]
[Round "8"]
[White "Mazhkenov, Alisher"]
[Black "Baigildin, Albert"]
[Result "1-0"]
[WhiteElo "2120"]
[BlackElo "2352"]
[PlyCount "120"]
[EventDate "2023.01.27"]
[EventType "swiss"]
[EventRounds "10"]
[EventCountry "RUS"]
[SourceTitle "CBM 212 Extra"]
[Source "ChessBase"]
[SourceDate "2023.03.31"]
[SourceVersion "1"]
[SourceVersionDate "2023.03.31"]
[SourceQuality "1"]

1. Nf3 Nf6 2. c4 g6 3. b3 Bg7 4. Bb2 0-0 5. g3 b6 6. Bg2 Bb7 7. 0-0 c5 8. d4 cxd4 9. Qxd4 d6 10. Rd1 Nbd7 11. Qd3 Rc8 12. Nc3 Re8 13. Rac1 Rc5 14. h3 Qa8 15. Ne1 Bxg2 16. Nxg2 Re5 17. Qf3 Qxf3 18. exf3 Rc5 19. f4 Rec8 20. Ba3 R5c7 21. Ne3 Nc5 22. f3 a6 23. Kf2 Rb7 24. Ne2 Nfd7 25. Nd5 Kf8 26. g4 Rbb8 27. Bb4 b5 28. cxb5 axb5 29. Bc3 Bxc3 30. Rxc3 b4 31. Rc4 Na6 32. Rcd4 Rc2 33. R4d2 Rbc8 34. Ne3 Rxd2 35. Rxd2 Nb6 36. f5 gxf5 37. Nxf5 d5 38. g5 e6 39. Nd6 Rc5 40. Nb7 Rc7 41. Nd6 Ke7 42. Nb5 Rc5 43. Nbd4 Nc8 44. Nf4 Nd6 45. Re2 Kd7 46. Nd3 Rc3 47. Ne5+ Kc7 48. Nxf7 Nxf7 49. Rxe6 Nxg5 50. Rxa6 Rd3 51. Ne6+ Nxe6 52. Rxe6 Rd2+ 53. Re2 Rxe2+ 54. Kxe2 Kd6 55. Ke3 Ke5 56. f4+ Kf5 57. Kd4 Kxf4 58. Kxd5 Kg3 59. Kc4 Kxh3 60. Kxb4 Kg4 1-0

[Event "Cheliabinsk Lozovatsky Memorial-A"]
[Site "Cheliabinsk"]
[Date "2023.01.31"]
[Round "5"]
[White "Babakekhyan, Artem"]
[Black "Mazhkenov, Alisher"]
[Result "1/2-1/2"]
[WhiteElo "2263"]
[BlackElo "2120"]
[PlyCount "81"]
[EventDate "2023.01.27"]
[EventType "swiss"]
[EventRounds "10"]
[EventCountry "RUS"]
[SourceTitle "CBM 212 Extra"]
[Source "ChessBase"]
[SourceDate "2023.03.31"]
[SourceVersion "1"]
[SourceVersionDate "2023.03.31"]
[SourceQuality "1"]

1. Nf3 Nf6 2. g3 b6 3. Bg2 Bb7 4. 0-0 g6 5. b3 Bg7 6. Bb2 0-0 7. c4 d6 8. d4 Nfd7 9. Qc2 e5 10. dxe5 dxe5 11. Nc3 e4 12. Nd2 f5 13. Rad1 Nc6 14. Nd5 Nce5 15. f3 exf3 16. Nxf3 Nxf3+ 17. Bxf3 Bxb2 18. Qxb2 c6 19. Nf4 Qe7 20. Qd4 Ne5 21. Qd6 Rfe8 22. Qxe7 Rxe7 23. Rd6 Nf7 24. Rd2 Rd8 25. Rxd8+ Nxd8 26. Rd1 Nf7 27. c5 Kf8 28. Nd3 Ke8 29. b4 Ng5 30. Kf2 Nxf3 31. exf3 Ba6 32. cxb6 axb6 33. Rd2 Bb5 34. h4 Ra7 35. Ne5 Ra4 36. Rc2 Rxb4 37. Nxc6 Bxc6 38. Rxc6 Kd7 39. Rc2 h6 40. Ke3 g5 41. hxg5 1/2-1/2

[Event "Cheliabinsk Lozovatsky Memorial-A"]
[Site "Cheliabinsk"]
[Date "2023.01.29"]
[Round "3"]
[White "Kuzmin, Roman"]
[Black "Mazhkenov, Alisher"]
[Result "1-0"]
[WhiteElo "2249"]
[BlackElo "2120"]
[PlyCount "67"]
[EventDate "2023.01.27"]
[EventType "swiss"]
[EventRounds "10"]
[EventCountry "RUS"]
[SourceTitle "CBM 212 Extra"]
[Source "ChessBase"]
[SourceDate "2023.03.31"]
[SourceVersion "1"]
[SourceVersionDate "2023.03.31"]
[SourceQuality "1"]

1. e4 c5 2. Nf3 Nc6 3. Nc3 e5 4. Bc4 Be7 5. d3 Nf6 6. Bg5 d6 7. Bxf6 Bxf6 8. Nd2 0-0 9. Nf1 Be6 10. a4 a6 11. h4 g6 12. g3 Qd7 13. Ne3 Bd8 14. Ncd5 f5 15. f4 Rb8 16. g4 fxe4 17. f5 gxf5 18. gxf5 Bf7 19. Qg4+ Kh8 20. Rg1 Ba5+ 21. Kf2 Be6 22. dxe4 Nd4 23. c3 b5 24. axb5 axb5 25. Ba2 c4 26. cxd4 exd4 27. Qd1 Qa7 28. Nf4 dxe3+ 29. Ke2 Bxf5 30. exf5 Rxf5 31. Rg4 Bd2 32. Bb1 Rxf4 33. Rxf4 Qxa1 34. Rf7 1-0

[Event "Cheliabinsk Lozovatsky Memorial-A"]
[Site "Cheliabinsk"]
[Date "2023.01.27"]
[Round "1"]
[White "Kostenko, Petr"]
[Black "Mazhkenov, Alisher"]
[Result "1/2-1/2"]
[WhiteElo "2371"]
[BlackElo "2120"]
[PlyCount "107"]
[EventDate "2023.01.27"]
[EventType "swiss"]
[EventRounds "10"]
[EventCountry "RUS"]
[SourceTitle "CBM 212 Extra"]
[Source "ChessBase"]
[SourceDate "2023.03.31"]
[SourceVersion "1"]
[SourceVersionDate "2023.03.31"]
[SourceQuality "1"]

1. c4 c6 2. d4 d5 3. Nf3 Nf6 4. e3 Bf5 5. Nc3 e6 6. Nh4 Be4 7. f3 Bg6 8. g3 Nbd7 9. cxd5 exd5 10. Bh3 Bb4 11. Qb3 Qb6 12. Kf2 0-0 13. Bd2 a5 14. Rhd1 Qa7 15. Ne2 Bd6 16. Nf5 Bc7 17. Qa3 Rfe8 18. Rac1 Qb8 19. b3 Nb6 20. Nc3 Qd8 21. Na4 Nxa4 22. bxa4 Kh8 23. Nh4 Bh5 24. Kg2 Bd6 25. Qb3 Ra7 26. Re1 Bb4 27. Bc3 Bg6 28. a3 Bf8 29. Bb2 Kg8 30. Kg1 Bh5 31. Bg2 g5 32. Nf5 g4 33. Rf1 gxf3 34. Bxf3 Bg6 35. Bg2 Ne4 36. Bxe4 Rxe4 37. Rf3 Qd7 38. Rcf1 Ra8 39. Bc1 Rae8 40. Bd2 Ra8 41. R1f2 Bh5 42. Rf4 Rxf4 43. Rxf4 Bg6 44. g4 b5 45. axb5 cxb5 46. e4 dxe4 47. Rxe4 b4 48. axb4 axb4 49. Bxb4 Rb8 50. d5 Bxb4 51. Rxb4 Rxb4 52. Qxb4 Bxf5 53. gxf5 Qxd5 54. Qg4+ 1/2-1/2

[Event "Cheliabinsk Panchenko Memorial op-A"]
[Site "Cheliabinsk"]
[Date "2022.09.15"]
[Round "4"]
[White "Pingin, Artem"]
[Black "Mazhkenov, Alisher"]
[Result "1-0"]
[WhiteElo "2358"]
[BlackElo "2078"]
[PlyCount "53"]
[EventDate "2022.09.12"]
[EventType "swiss"]
[EventRounds "10"]
[EventCountry "RUS"]
[SourceTitle "CBM 210 Extra"]
[Source "ChessBase"]
[SourceDate "2022.11.30"]
[SourceVersion "1"]
[SourceVersionDate "2022.11.30"]
[SourceQuality "1"]

1. e4 e6 2. d4 d5 3. Nc3 Nf6 4. Bg5 dxe4 5. Nxe4 Be7 6. Bxf6 gxf6 7. Qd2 a6 8. 0-0-0 b5 9. g4 h5 10. Bg2 hxg4 11. Qe2 c6 12. h3 f5 13. Nc5 Qd6 14. hxg4 Rxh1 15. Bxh1 Qf4+ 16. Kb1 fxg4 17. Nd3 Qh2 18. Qxg4 Qxh1 19. Nh3 Qd5 20. Ne5 Bf8 21. Qh5 Ra7 22. Ng5 Bg7 23. Ngxf7 Ke7 24. Qh7 Qg2 25. Qg8 Rd7 26. Qxc8 Rxd4 27. Rc1 1-0

[Event "Cheliabinsk Panchenko Memorial op-A"]
[Site "Cheliabinsk"]
[Date "2022.09.12"]
[Round "1"]
[White "Mazhkenov, Alisher"]
[Black "Tologontegin, Semetey"]
[Result "0-1"]
[WhiteElo "2078"]
[BlackElo "2372"]
[PlyCount "82"]
[EventDate "2022.09.12"]
[EventType "swiss"]
[EventRounds "10"]
[EventCountry "RUS"]
[SourceTitle "CBM 210 Extra"]
[Source "ChessBase"]
[SourceDate "2022.11.30"]
[SourceVersion "1"]
[SourceVersionDate "2022.11.30"]
[SourceQuality "1"]

1. d4 Nf6 2. Bf4 e6 3. e3 c5 4. Nf3 b6 5. Nc3 cxd4 6. exd4 Bb7 7. Nb5 d6 8. Bd3 a6 9. Nc3 Be7 10. 0-0 0-0 11. Re1 Nbd7 12. Ne4 Nxe4 13. Bxe4 Bxe4 14. Rxe4 Nf6 15. Re2 b5 16. Qd3 Qc7 17. c3 Rab8 18. Rc2 Rfc8 19. Rac1 Qa5 20. a3 h6 21. h3 Qb6 22. Bh2 Rc6 23. Nd2 Rbc8 24. Ne4 Nxe4 25. Qxe4 a5 26. Bf4 d5 27. Qd3 Bf6 28. b4 axb4 29. axb4 Rc4 30. Be3 Qc6 31. Rb1 Ra8 32. g3 Ra3 33. Rbc1 Qe8 34. h4 h5 35. Kf1 g6 36. Ke2 Qc6 37. Ke1 e5 38. dxe5 Bxe5 39. Bc5 d4 40. f4 Bf6 41. Kf2 dxc3 0-1

[Event "Aktobe Dvorkovich Rapid op"]
[Site "Aktobe"]
[Date "2022.06.21"]
[Round "6"]
[White "Kuderinov, Kirill"]
[Black "Mazhkenov, Alisher"]
[Result "1/2-1/2"]
[WhiteElo "2409"]
[BlackElo "2106"]
[PlyCount "93"]
[EventDate "2022.06.21"]
[EventType "swiss (rapid)"]
[EventRounds "9"]
[EventCountry "KAZ"]
[SourceTitle "CBM 209 Extra"]
[Source "ChessBase"]
[SourceDate "2022.09.30"]
[SourceVersion "1"]
[SourceVersionDate "2022.09.30"]
[SourceQuality "1"]

1. e4 e5 2. Bc4 Nc6 3. d3 Nf6 4. Nc3 Na5 5. Bb3 Be7 6. Nf3 d6 7. d4 exd4 8. Qxd4 0-0 9. 0-0 Bg4 10. Qd3 Nd7 11. h3 Bh5 12. Nd4 Bf6 13. Nf5 Bg6 14. Nd5 Nc5 15. Qf3 Naxb3 16. axb3 Be5 17. b4 Ne6 18. c3 c6 19. Nde7+ Kh8 20. Qd3 d5 21. Nxg6+ fxg6 22. Ne3 Nf4 23. Qc2 Bc7 24. Rd1 Qg5 25. Ng4 h5 26. Bxf4 Rxf4 27. Ne3 Rxe4 28. c4 Rf8 29. cxd5 Rxe3 30. d6 Bb6 31. fxe3 Bxe3+ 32. Kh1 Rf2 33. Qe4 Bb6 34. Rf1 Kh7 35. Rxf2 Bxf2 36. Rf1 Bb6 37. Qe6 Qd2 38. d7 Bc7 39. b5 Qd3 40. Re1 Qg3 41. Kg1 Bb6+ 42. Kh1 Bc7 43. Kg1 Bb6+ 44. Kh1 Bc7 45. Kg1 Bb6+ 46. Kh1 Bc7 47. Kg1 1/2-1/2

[Event "Aktobe Dvorkovich Rapid op"]
[Site "Aktobe"]
[Date "2022.06.21"]
[Round "5"]
[White "Mazhkenov, Alisher"]
[Black "Moisseyenko, Ilya"]
[Result "1/2-1/2"]
[WhiteElo "2106"]
[BlackElo "2282"]
[PlyCount "116"]
[EventDate "2022.06.21"]
[EventType "swiss (rapid)"]
[EventRounds "9"]
[EventCountry "KAZ"]
[SourceTitle "CBM 209 Extra"]
[Source "ChessBase"]
[SourceDate "2022.09.30"]
[SourceVersion "1"]
[SourceVersionDate "2022.09.30"]
[SourceQuality "1"]

1. Nf3 Nf6 2. c4 c6 3. e3 d5 4. Nc3 Bg4 5. Qb3 Qb6 6. Ne5 Be6 7. d4 Nbd7 8. Nxd7 Nxd7 9. cxd5 Qxb3 10. axb3 Bxd5 11. b4 e5 12. Nxd5 cxd5 13. Bd2 exd4 14. exd4 Be7 15. Ra5 Nb6 16. Bb5+ Kd8 17. Ke2 a6 18. Rha1 Bf6 19. Bc3 Kc7 20. Bd3 Rhe8+ 21. Kf3 h5 22. b5 axb5 23. Bxb5 Rxa5 24. Bxa5 Re6 25. Rc1+ Kb8 26. Bc3 g6 27. Re1 Rxe1 28. Bxe1 Bxd4 29. Be8 Nc4 30. Kf4 Nd6 31. Ba4 Bxb2 32. Bb4 Kc7 33. h3 f6 34. h4 g5+ 35. hxg5 Be5+ 36. Ke3 fxg5 37. g3 Nc4+ 38. Ke2 h4 39. Be7 hxg3 40. fxg3 Bxg3 41. Bxg5 Kd6 42. Be8 Kc5 43. Kd3 b5 44. Bh6 Be5 45. Bf8+ Bd6 46. Bg7 Be5 47. Bf8+ Kb6 48. Bf7 Nb2+ 49. Kc2 Nc4 50. Kd3 Bd6 51. Bxd5 Ne5+ 52. Kd4 Nc6+ 53. Bxc6 Kxc6 54. Bh6 Kb6 55. Kc3 Ka5 56. Kb3 Bc5 57. Bd2+ b4 58. Bxb4+ Bxb4 1/2-1/2